Statistics for Top 12 Houston Rockets Players

Click here to take the quiz!

General Stats

  • This quiz has been taken 420 times
    (276 since last reset)
  • The average score is 6 of 12

Answer Stats

RankPlayerWin Share% Correct
2James Harden115.0
100%
1Hakeem Olajuwon160.6
97%
6Yao Ming65.9
82%
11Kenny Smith37.3
55%
5Moses Malone70.0
52%
8Steve Francis41.4
46%
4Rudy Tomjanovich70.4
41%
12Clint Capela36.4
37%
3Calvin Murphy84.1
36%
7Otis Thorpe54.5
31%
10Elvin Hayes40.8
29%
9Robert Reid40.9
13%

Score Distribution

Percentile by Number Answered

Percent of People with Each Score

Your Score History

You have not taken this quiz since the last reset